Normal view
MARC view
Entry Personal Name
001 - CONTROL NUMBER
- control field: 1234113
003 - CONTROL NUMBER IDENTIFIER
- control field: OSt
005 - DATE AND TIME OF LATEST TRANSACTION
- control field: 20260406121330.0
008 - FIXED-LENGTH DATA ELEMENTS
- fixed length control field: 260406|| aca||aabn | a|a d
040 ## - CATALOGING SOURCE
- Original cataloging agency: OSt
- Transcribing agency: OSt
100 ## - HEADING--PERSONAL NAME
- Personal name: मिश्र, दयानिधि
670 ## - SOURCE DATA FOUND
- Source citation: Work cat.: (OSt)1467255: मिश्र, विद्यानिवास 862910, क्या पूरब क्या पच्छिम !, 2015.
